Statistics for NCAA FOOTBALL TEAMS BY STATE (F-H)

Click here to take the quiz!

General Stats

  • This quiz has been taken 41 times
  • The average score is 10 of 12

Answer Stats

HintAnswer% Correct
FloridaFlorida Gators
100%
FloridaFlorida State Seminoles
100%
GeorgiaGeorgia Bulldogs
97%
GeorgiaGeorgia Tech Yellow Jackets
97%
HawaiiHawaii Rainbow Warriors
95%
FloridaMiami Hurricanes
95%
FloridaUCF Knights
92%
GeorgiaGeorgia State Panthers
89%
FloridaUSF Bulls
84%
FloridaFlorida International Golden Panthers
70%
FloridaFlorida Atlantic Owls
68%
GeorgiaGeorgia Southern Eagles
62%

Score Distribution

Percentile by Number Answered

Percent of People with Each Score

Your Score History

You have not taken this quiz